000 00388nam a2200145Ia 4500
008 210210b1980 xxu||||| |||| 00| 0 eng d
082 _a343.02 MATR
100 _aMATHEW (K K).
245 _aRight to equality and property under the indian constitution.
260 _aND
_bNational
_c1980
300 _a108
650 _aright equality property
690 _aPublic Law
906 _a035505
999 _c86119
_d86119